Investments. (9th ed.) (Record no. 48333)

MARC details
000 -LEADER
fixed length control field 00552nam a2200169 a 4500
008 - FIXED-LENGTH DATA ELEMENTS--GENERAL INFORMATION
fixed length control field 120416s1973 ||||||||||||||||| || u
020 ## - INTERNATIONAL STANDARD BOOK NUMBER
International Standard Book Number 0135045630
050 ## - LIBRARY OF CONGRESS CALL NUMBER
Classification number HG 4521 Dou
100 ## - MAIN ENTRY--PERSONAL NAME
Personal name Dougall, Herbert Edward
245 10 - TITLE STATEMENT
Title Investments. (9th ed.)
250 ## - EDITION STATEMENT
Edition statement 9th ed.
260 ## - PUBLICATION, DISTRIBUTION, ETC.
Place of publication, distribution, etc. New York:
Name of publisher, distributor, etc. FT Prentice-Hall
Date of publication, distribution, etc. 1973
300 ## - PHYSICAL DESCRIPTION
Extent xviii, 599p. : ill.
350 ## - PRICE (NR) (BK AM CF MU VM SE) [OBSOLETE]
Price 0.00
650 ## - SUBJECT ADDED ENTRY--TOPICAL TERM
Topical term or geographic name entry element INVESTMENTS
995 ## - RECOMMENDATION 995 [LOCAL, UNIMARC FRANCE]
-- 0.00
-- CBU-MAIN LIBRARY (Kitwe)
-- 1
-- 25.97
-- DAMAGED
-- Main Library Open Access Collection
Holdings
Withdrawn status Lost status Source of classification or shelving scheme Damaged status Not for loan Home library Current library Shelving location Date acquired Total Checkouts Full call number Barcode Date last seen Price effective from Koha item type
          CBU-MAIN LIBRARY, KITWE. CBU-MAIN LIBRARY, KITWE.   11/30/2022   HG 4521 Dou 006774 11/30/2022 11/30/2022 MONOGRAPH